LEADER 00749nac0-22002771i-450- 001 990007412240403321 005 20030414 035 $a000741224 035 $aFED01000741224 035 $a(Aleph)000741224FED01 035 $a000741224 100 $a20030414d1951----km-y0itay50------ba 101 0 $aita 102 $aIT 105 $ay-------001yy 200 1 $a<>diritto di accrescimento nei negozi tra vivi$fRenato Scognamiglio 210 $aMilano$cGiuffrè$d1951 215 $a86 p.$d24 cm 676 $a346.052$v21$zita 700 1$aScognamiglio,$bRenato$f<1922- > 801 0$aIT$bUNINA$gRICA$2UNIMARC 901 $aBK 912 $a990007412240403321 952 $aDONO SCUTO BUSTA I 44$b45696*$fFGBC 959 $aFGBC 997 $aUNINA LEADER 00709nam0-22002771i-450- 001 990004267980403321 005 20011005 010 $a0-224-04197-5 035 $a000426798 035 $aFED01000426798 035 $a(Aleph)000426798FED01 035 $a000426798 100 $a20011005d1995----km-y0itay50------ba 101 0 $aeng 105 $ay-------001yy 200 1 $aInventing Ireland$fDeclan Kiberd 210 $aLondon$cCape$d1995 215 $aXII, 719 p.$d25 cm 700 1$aKiberd,$bDeclan$0166206 801 0$aIT$bUNINA$gRICA$2UNIMARC 901 $aBK 912 $a990004267980403321 952 $aP.3 BR.C.2256$fFLFBC 959 $aFLFBC 996 $aInventing Ireland$9490800 997 $aUNINA